| 000 | 00707cam a2200229 a 4500 | ||
|---|---|---|---|
| 001 | 1070456 | ||
| 005 | 20180307085946.0 | ||
| 008 | 910610s1992 njuabf b 001 0 eng | ||
| 010 | _a 91023215 | ||
| 020 |
_a0132982331 : _c$29.00 |
||
| 040 |
_aDLC _cDLC _dDLC |
||
| 041 | _aeng | ||
| 080 | _a510 TAN | ||
| 082 | 0 | 0 |
_a510 TAN _220 |
| 100 | 1 | _a37 | |
| 101 | _aMAT | ||
| 245 | 1 | 0 |
_aExcursions in modern mathematics / _cPeter Tannenbaum, Robert Arnold. |
| 504 | _aIncludes bibliographical references and index. | ||
| 906 |
_a7 _bcbc _corignew _d1 _eocip _f19 _gy-gencatlg |
||
| 942 |
_2ddc _cBK |
||
| 999 |
_c44328 _d44328 |
||